| 000 | 01279cam a2200313 4500 | ||
|---|---|---|---|
| 002 | ##5998 | ||
| 008 | #DATE n2003 000 0 eng u | ||
| 020 | _a1842190946 | ||
| 035 | _a(Sirsi) u120952 | ||
| 041 | 0 | _aeng | |
| 050 | 0 | 4 | _a346.4104342 $2 18 |
| 110 | 2 |
_aRoyal Institution of Chartered Surveyors _94900 |
|
| 245 | 0 | 0 |
_aAgreement for the creation of an assured shorthold tenancy _bEngland and Wales only |
| 250 | _a2nd ed. reprinted with corrections | ||
| 260 |
_aCoventry _bRICS _c2003 |
||
| 300 |
_a14p. _c30cm. |
||
| 350 | _a9.50 | ||
| 490 | 0 | _aRICS Conditions of Engagement | |
| 490 | 0 | _aRICS Model Tenancies | |
| 490 | 0 | _aRICS Stationery | |
| 520 | _aIncludies: basic terms; proforma for individually negotiated terms and variations from the standard conditions and clauses; standard terms; the original; and the counterpart. The form is not to be used for agreements of three years or more which must be signed as a deed. | ||
| 520 | _aSupersedes first revised edition (M94938). | ||
| 650 | 2 | 4 | _aASSURED SHORTHOLD TENANCIES |
| 650 | 2 | 4 | _aHOUSING ACT 1988 PART I |
| 650 | 2 | 4 | _aHOUSING ACT 1996 |
| 651 | 4 |
_aEngland and Wales _y1543- |
|
| 690 | _aPROPERTY-RESIDENTIAL PROPERTY-RESIDENTIAL LANDLORD AND TENANT-RESIDENTIAL TENANCIES | ||
| 942 | _n0 | ||
| 999 |
_c102575 _d102575 |
||